000 02141nam0a2200361 4500
001 RU\NLR\BIBL_A\012575608
005 20231031164118.0
010 _a978-5-6044611-8-1
_9200
021 _aRU
_bКН-П-21-021922
_9КН-П-21-1707
035 _a(NLR Aleph) 012575608
090 _a12505335
_c12505335
100 _a20210805d2020 k y0rusy50 ca
101 0 _arus
102 _aRU
105 _aa z 100yy
181 0 _ai
_baxxe
182 0 _an
200 1 _aЗоопарк - территория комфорта для животных и людей
_eматериалы Международной научно-практической конференции, апрель 2020-2021 гг.
_fМинистерство культуры Удмуртской Республики, Бюджетное учреждение культуры "Государственный зоологический парк Удмуртии"
_gредакторы: Ю.А. Рубцов [и др.]
203 _aТекст
_bвизуальный
_cнепосредственный
210 _aИжевск
_cАМБ
_d2020
215 _a224 с., [13] л. ил., цв. ил.
_cил.
_d20
320 _aБиблиогр. в конце докл.
606 1 _aЗоологические парки
_jСъезды, совещания и т.п
_xНаучно-исследовательская работа
_92064384
_3RU\NLR\AUTH\661238865
686 1 _aЕ6е(0)л64я431(0)
702 1 _aРубцов
_bЮ.А.
_gЮрий Алексеевич
_4340
711 1 2 _a"Зоопарк - территория комфорта для животных и людей", международная научно-практическая конференция
_eИжевск
_f2020-2021
_9762715
_3RU\NLR\AUTH\880548633
712 0 2 _4557
_aГосударственный зоологический парк Удмуртии
_cИжевск
_9864575
_3RU\NLR\AUTH\880599815
942 _cBOOK
980 _aNBR
980 _aNB